[Event "Arctic Chess Challenge"]
[Site "Tromso NOR"]
[Date "2010.07.31"]
[Round "1"]
[White "Houska,Ji"]
[Black "Van Wely,L"]
[Result "0-1"]
[WhiteElo "2183"]
[BlackElo "2677"]
[EventDate "2010.07.31"]

1. e4 c5 2. Nf3 e6 3. d4 cxd4 4. Nxd4 Nf6 5. Nc3 d6 6. Be2 a6 7. a4 Nc6 8.
Be3 Be7 9. O-O O-O 10. f4 Qc7 11. Kh1 Re8 12. Bf3 Rb8 13. g4 Nd7 14. g5 b6
15. Nxc6 Qxc6 16. Bg2 Bb7 17. Qh5 b5 18. axb5 axb5 19. Rf3 b4 20. Rh3 Nf8
21. Nd5 exd5 22. f5 d4 23. Bxd4 Qxc2 24. g6 fxg6 25. fxg6 h6 26. Rf1 Bg5
27. Rg3 Ne6 28. Bxg7 Nxg7 0-1

[Event "Arctic Chess Challenge"]
[Site "Tromso NOR"]
[Date "2010.07.31"]
[Round "1"]
[White "Bartel,Mat"]
[Black "Marzano,C"]
[Result "1/2-1/2"]
[WhiteElo "2613"]
[BlackElo "2159"]
[EventDate "2010.07.31"]

1. e4 Nc6 2. Nf3 f5 3. exf5 d5 4. Bb5 Bxf5 5. Ne5 Qd6 6. d4 Nf6 7. O-O Nd7
8. Nc3 e6 9. Qh5+ g6 10. Qe2 Ncxe5 11. dxe5 Qb4 12. a3 Qh4 13. Bxd7+ Kxd7
14. g3 Qc4 15. Qxc4 dxc4 16. Rd1+ Kc8 17. Rd4 Bxc2 18. Rxc4 Bb3 19. Rf4 Bg7
20. Rf7 Bxe5 21. Bf4 Bxf4 22. gxf4 Rd8 23. Rxh7 Rd7 24. Rh8+ Rd8 25. Rh3
Bc2 26. Nb5 c6 27. Rc1 Bf5 28. Rh7 Rd7 29. Rh6 a6 30. Rh8+ Rd8 31. Rxd8+
Kxd8 32. Nd6 Kc7 33. Nf7 Rf8 34. Ne5 Rd8 35. Kg2 Rd2 36. b4 Rd5 37. Rc3 a5
38. Rg3 axb4 39. axb4 Rd4 40. Nxg6 Rxb4 41. h4 Be4+ 42. Kh3 Bf5+ 43. Kh2
Rb2 44. Kg1 Be4 45. f3 1/2-1/2

[Event "Arctic Chess Challenge"]
[Site "Tromso NOR"]
[Date "2010.07.31"]
[Round "1"]
[White "Ivanisevic,I"]
[Black "Sigeman,J"]
[Result "1-0"]
[WhiteElo "2611"]
[BlackElo "2153"]
[EventDate "2010.07.31"]

1. d4 Nf6 2. c4 c5 3. d5 e5 4. Nc3 d6 5. e4 Be7 6. Bd3 O-O 7. Nge2 Ne8 8.
Ng3 g6 9. Bh6 Ng7 10. h4 Bxh4 11. Qd2 Na6 12. O-O-O Bf6 13. Rh2 Re8 14.
Rdh1 Bd7 15. Kb1 Qe7 16. Nd1 b5 17. Ne3 bxc4 18. Bxg7 Bxg7 19. Rxh7 Qf6 20.
Nxc4 Qf4 21. Ne3 c4 22. Ngf5 Bxf5 23. g3 Qxe4 24. Nxf5 Qxh1+ 25. Rxh1 gxf5
26. Bxf5 Nb8 1-0

[Event "Arctic Chess Challenge"]
[Site "Tromso NOR"]
[Date "2010.08.01"]
[Round "2"]
[White "Wohl,A"]
[Black "Khenkin,I"]
[Result "0-1"]
[WhiteElo "2375"]
[BlackElo "2632"]
[EventDate "2010.07.31"]

1. e4 c6 2. c4 d5 3. cxd5 cxd5 4. exd5 Nf6 5. Nc3 Nxd5 6. Nf3 Nc6 7. Bb5 e6
8. O-O Be7 9. d4 O-O 10. Re1 Qd6 11. a3 Rd8 12. Bd3 Nf6 13. Be3 b6 14. Qe2
Bb7 15. Rad1 Rac8 16. d5 Nxd5 17. Nxd5 exd5 18. Bf5 Ra8 19. b4 g6 20. Bb1
Bf6 21. Ba2 Ne5 22. Ng5 Qe7 23. Bf4 Bxg5 24. Bxe5 Bf6 25. Bxf6 Qxf6 26. Qe7
Qxe7 27. Rxe7 Bc6 28. f3 a5 29. Rc7 Rac8 30. Rxc8 Rxc8 31. bxa5 bxa5 32.
Bxd5 Ba4 33. Rd4 Bb5 34. Be4 Bc4 35. Rd6 Rc5 36. Rc6 Rxc6 37. Bxc6 Kf8 38.
Kf2 Ke7 39. Ke3 Kd6 40. Be4 Kc5 41. h4 h6 42. g3 Bf1 43. Bb1 Kb5 44. Kd4
Ka4 45. Ba2 f6 46. Kc3 Kxa3 47. Bf7 g5 48. hxg5 hxg5 49. f4 Ka4 50. fxg5
fxg5 51. Be8+ Bb5 52. Bg6 Bd7 53. Bd3 Be6 54. Be2 Ka3 55. Bd3 Ka2 56. Bc2
Ka1 57. Bd3 Ba2 58. Bc2 Bb1 59. Bd1 Bg6 60. Ba4 Kb1 61. Bd7 Bc2 62. g4 Kc1
63. Bf5 Ba4 64. Be6 Be8 65. Kd4 a4 66. Ke5 a3 67. Kf6 Bd7 68. Bxd7 a2 69.
Kxg5 a1=Q 70. Bf5 Qg7+ 71. Bg6 Kd2 72. Kf5 Ke3 73. g5 Kd4 74. Bh5 Qe5+ 75.
Kg4 Qe4+ 76. Kg3 Qf5 77. Kh4 Qf2+ 78. Kg4 Qe2+ 79. Kh4 Qh2+ 80. Kg4 Ke5 81.
Be8 Qf4+ 82. Kh5 Qf3+ 83. Kg6 Kf4 0-1

[Event "Arctic Chess Challenge"]
[Site "Tromso NOR"]
[Date "2010.08.01"]
[Round "2"]
[White "Medvegy,N"]
[Black "Malakhatko,V"]
[Result "1/2-1/2"]
[WhiteElo "2343"]
[BlackElo "2576"]
[EventDate "2010.07.31"]

1. e4 e6 2. d4 d5 3. Nd2 c5 4. exd5 Qxd5 5. dxc5 Bxc5 6. Ngf3 Nf6 7. Bc4
Qc6 8. O-O Nbd7 9. Qe2 O-O 10. Nb3 b6 11. Nxc5 Qxc5 12. b3 Bb7 13. Bb2 a6
14. a4 Qc6 15. Rfd1 Rfc8 16. h3 Nf8 17. Qf1 Ne4 18. Ne5 Qc7 19. Qe2 Rd8 20.
Rxd8 Rxd8 21. Rd1 Rxd1+ 22. Qxd1 f6 23. Nf3 Nd6 24. Be2 Qc6 25. Ba3 Nf7 26.
Qd3 Ng6 27. Qc4 Qd7 28. Qd4 Qc6 29. Qc4 Qd7 30. Qd4 Qc6 31. Qc4 1/2-1/2

[Event "Arctic Chess Challenge"]
[Site "Tromso NOR"]
[Date "2010.08.02"]
[Round "3"]
[White "Socko,B"]
[Black "Lie,Es"]
[Result "1-0"]
[WhiteElo "2646"]
[BlackElo "2464"]
[EventDate "2010.07.31"]

1. e4 g6 2. d4 Bg7 3. Nc3 d6 4. Be3 a6 5. f4 b5 6. Nf3 Bb7 7. a3 Nd7 8. Qd2
c5 9. Bd3 Rc8 10. h3 Ngf6 11. e5 Nh5 12. Be4 Qc7 13. Bxb7 Qxb7 14. Kf2 O-O
15. Rad1 cxd4 16. Bxd4 dxe5 17. fxe5 f6 18. exf6 Ndxf6 19. Rhe1 Rc4 20. Qe3
Qc7 21. Kg1 Ng3 22. Qe6+ Kh8 23. Bf2 Ngh5 24. Ne5 Nf4 25. Qxa6 N6h5 26. Rd7
Qb8 27. Rxe7 Rc7 28. Nc6 Rxe7 29. Nxb8 Bd4 30. Kh2 Rxb8 31. Qd6 Ba7 32.
Nxb5 Rxe1 33. Bxe1 1-0

[Event "Arctic Chess Challenge"]
[Site "Tromso NOR"]
[Date "2010.08.05"]
[Round "6"]
[White "Van Wely,L"]
[Black "Socko,B"]
[Result "1/2-1/2"]
[WhiteElo "2677"]
[BlackElo "2646"]
[EventDate "2010.07.31"]

1. d4 Nf6 2. c4 e6 3. Nf3 b6 4. g3 Ba6 5. b3 Bb4+ 6. Bd2 Be7 7. Nc3 O-O 8.
Qc2 d5 9. cxd5 exd5 10. Bg2 Nbd7 11. O-O Bb7 12. Rfd1 Re8 13. Bf4 c6 14.
Ne5 Nf8 15. e4 Bb4 16. exd5 cxd5 17. a3 Bd6 18. Bg5 Rc8 19. Qb2 Bxe5 20.
dxe5 Rxe5 21. Nxd5 Rxg5 22. Nxf6+ Qxf6 23. Qxf6 gxf6 24. Bxb7 Rc3 25. b4
Re5 26. Ba6 Re7 27. Kf1 Ng6 28. Rdc1 Rec7 29. Rxc3 Rxc3 30. Ke2 1/2-1/2

[Event "Arctic Chess Challenge"]
[Site "Tromso NOR"]
[Date "2010.08.05"]
[Round "6"]
[White "Sandipan,C"]
[Black "Radulski,J"]
[Result "1-0"]
[WhiteElo "2637"]
[BlackElo "2574"]
[EventDate "2010.07.31"]

1. d4 d5 2. c4 e6 3. Nc3 Be7 4. cxd5 exd5 5. Bf4 Nf6 6. e3 O-O 7. Bd3 c5 8.
Nge2 Nc6 9. O-O Bg4 10. h3 Bxe2 11. Nxe2 cxd4 12. Nxd4 Nxd4 13. exd4 Qb6
14. Bc2 Rac8 15. Bb3 Rfd8 16. Qd3 Bd6 17. Bg5 Bc7 18. Rfe1 h6 19. Bh4 g5
20. Bg3 Bxg3 21. fxg3 Re8 22. Kh2 Rxe1 23. Rxe1 Kg7 24. Qf5 Rc7 25. Qe5 Rc6
26. Bxd5 Rd6 27. Bb3 Qxd4 28. Qf5 b6 29. g4 Rc6 30. Rd1 Qb4 31. Qe5 Qc5 32.
Rd5 Qf8 33. Rd7 Rc5 34. Qd4 Qb8+ 35. Rd6 1-0

[Event "Arctic Chess Challenge"]
[Site "Tromso NOR"]
[Date "2010.08.05"]
[Round "6"]
[White "Ivanisevic,I"]
[Black "Berg,E"]
[Result "0-1"]
[WhiteElo "2611"]
[BlackElo "2612"]
[EventDate "2010.07.31"]

1. d4 e6 2. c4 b6 3. e4 Bb7 4. Bd3 Nc6 5. Ne2 Nb4 6. Nbc3 Nxd3+ 7. Qxd3 g6
8. h4 h5 9. Bg5 Be7 10. Bxe7 Qxe7 11. O-O-O d6 12. d5 e5 13. Kb1 Nf6 14. f3
Nd7 15. Ng3 Nc5 16. Qc2 a5 17. Nf1 Ba6 18. Ne3 Qd7 19. a4 O-O-O 20. Rdf1 f5
21. exf5 gxf5 22. f4 Rde8 23. Rh3 Kb8 24. b3 Bc8 25. Ne2 exf4 26. Rxf4 Re4
27. Rxe4 fxe4 28. Qc3 Rf8 29. Nd4 Kb7 30. Rg3 Qf7 31. Ndc2 Bg4 32. b4 Nd3
33. bxa5 Qf2 34. Rxg4 hxg4 35. axb6 cxb6 36. Ka2 Qf7 37. Qd4 Qe8 38. Kb3
Nc5+ 39. Kc3 Nxa4+ 40. Kd2 Nc5 41. Kc3 Rf7 42. Qd1 Qe5+ 43. Qd4 Qe8 44. Qd1
Qa8 45. Qa1 Qh8+ 46. Kb4 Qxh4 47. Kb5 Qf2 48. Qa3 Rf8 49. Qc3 Qf7 50. Nd4
Qg7 51. Nec2 Ra8 52. Qg3 Qd7+ 53. Nc6 Nd3 0-1

[Event "Arctic Chess Challenge"]
[Site "Tromso NOR"]
[Date "2010.08.05"]
[Round "6"]
[White "Socko,M"]
[Black "Azarov,S"]
[Result "1-0"]
[WhiteElo "2477"]
[BlackElo "2600"]
[EventDate "2010.07.31"]

1. d4 Nf6 2. c4 g6 3. d5 Bg7 4. Nc3 O-O 5. e4 d6 6. Be2 Na6 7. Be3 e6 8.
Nf3 exd5 9. exd5 Nc5 10. O-O Re8 11. Bd4 a5 12. Re1 Bd7 13. h3 b6 14. b3
Nfe4 15. Nxe4 Rxe4 16. Qd2 Bxd4 17. Nxd4 Qf6 18. Red1 Rae8 19. Bf1 h5 20.
Rac1 R4e7 21. f3 h4 22. Rc3 Qe5 23. Qf2 Qg5 24. a3 Qg3 25. Rdc1 Qf4 26. b4
Na4 27. R3c2 Re3 28. Nb5 R8e7 29. c5 Bxb5 30. Bxb5 axb4 31. cxd6 Qxd6 32.
Bxa4 b3 33. Rxc7 Rxc7 34. Qxe3 b2 35. Rb1 Qf6 36. Bc6 Re7 37. Qd2 Qd6 38.
Qxb2 Re3 39. Qxb6 Qe7 40. Qb4 Qe5 41. Qb8+ 1-0

[Event "Arctic Chess Challenge"]
[Site "Tromso NOR"]
[Date "2010.08.05"]
[Round "6"]
[White "Leon Hoyos,M"]
[Black "Khaetsky,R"]
[Result "1-0"]
[WhiteElo "2556"]
[BlackElo "2385"]
[EventDate "2010.07.31"]

1. Nc3 d5 2. d4 f5 3. g4 fxg4 4. h3 g3 5. fxg3 Nf6 6. Bg2 c5 7. Bg5 Nc6 8.
Nf3 cxd4 9. Nxd4 e5 10. Bxf6 gxf6 11. e3 exd4 12. Qh5+ Kd7 13. Nxd5 Be7 14.
O-O-O Qg8 15. Nxe7 Kxe7 16. Qc5+ Kf7 17. Rhf1 Qxg3 18. Bxc6 bxc6 19. Qxd4
Qg5 20. h4 Qh6 21. Qc4+ Ke7 22. Qxc6 Qxe3+ 23. Kb1 Qe6 1-0

[Event "Arctic Chess Challenge"]
[Site "Tromso NOR"]
[Date "2010.08.05"]
[Round "6"]
[White "Wohl,A"]
[Black "Turner,Ma"]
[Result "1/2-1/2"]
[WhiteElo "2375"]
[BlackElo "2506"]
[EventDate "2010.07.31"]

1. e4 c5 2. Nf3 g6 3. d4 cxd4 4. Nxd4 Bg7 5. c4 Nc6 6. Nc2 d6 7. Be2 f5 8.
exf5 Bxf5 9. O-O Nh6 10. Nc3 O-O 11. Ne3 Rc8 12. Bd2 Nf7 13. Rc1 Bd7 14. b3
Nd4 15. Bd3 Ne5 16. Be4 Bc6 17. f4 Bxe4 18. fxe5 Rxf1+ 19. Qxf1 Bc6 20.
exd6 Qxd6 21. Ncd5 e6 22. Bb4 Qe5 23. Ne7+ Kh8 24. Re1 Rd8 25. N3f5 Qf6 26.
Nxg7 Qxf1+ 27. Kxf1 Kxg7 28. Bc3 Kf7 29. Bxd4 Kxe7 1/2-1/2

[Event "Arctic Chess Challenge"]
[Site "Tromso NOR"]
[Date "2010.08.05"]
[Round "6"]
[White "Moiseenko,A1"]
[Black "Ziska,H"]
[Result "1/2-1/2"]
[WhiteElo "2667"]
[BlackElo "2426"]
[EventDate "2010.07.31"]

1. d4 Nf6 2. c4 g6 3. Nc3 Bg7 4. e4 d6 5. Bd3 O-O 6. Nge2 Nc6 7. O-O Nh5 8.
Bc2 e5 9. d5 Ne7 10. Kh1 f5 11. exf5 Nxf5 12. Ne4 Nd4 13. Nxd4 exd4 14. Bg5
Qe8 15. Qd2 Bf5 16. Rae1 Qd7 17. f3 Rae8 18. g4 Bxe4 19. Bxe4 Nf6 20. Bc2
Rxe1 21. Rxe1 Re8 22. h3 c5 23. Bd3 Rxe1+ 24. Qxe1 Qe8 25. Qe6+ Qxe6 26.
dxe6 Kf8 27. f4 Ke7 28. f5 h6 29. Bd2 g5 30. Kg2 Ng8 31. Be4 b6 32. Kf2 Kd8
33. Ke1 Ne7 34. Kd1 Kc7 35. Kc2 Bf6 36. Kb3 Nc6 37. Ka4 a6 38. a3 Ne5 39.
Kb3 Kc8 40. Be1 Kc7 41. Bg3 b5 42. cxb5 axb5 43. a4 Kb6 44. Be1 c4+ 45. Ka3
d5 46. Bxd5 Nd3 47. Bd2 Kc5 48. Be4 b4+ 49. Ka2 Nf2 50. Bf3 Nd3 51. Be2
Nxb2 52. e7 Bxe7 53. Kxb2 c3+ 54. Kc2 cxd2 55. Kxd2 Kb6 56. Bd1 Kc5 57. Bb3
Bd8 58. Kd3 Bf6 59. Ke4 Bg7 60. Bf7 Bh8 61. Kd3 Bf6 62. Bb3 Bh8 63. Bd1 Bf6
64. Kc2 Bd8 65. Be2 Kb6 66. Kb3 Kc5 67. Bd3 Ba5 68. f6 Kd6 69. Bc4 d3 70.
f7 Ke7 71. Kb2 Bb6 72. Kc1 Be3+ 73. Kd1 Kf8 74. a5 Ke7 75. a6 Kf8 76. Ke1
Ke7 77. Kf1 Kf8 78. Bb3 Ke7 79. Kg2 Ba7 80. Kf3 Kf8 81. Bc4 Bg1 82. Ba2 Ke7
83. Bb3 Kf8 84. Kg2 Ba7 85. Kf1 Ke7 86. Ke1 Be3 87. Bc4 Kf8 88. Kd1 Ke7 89.
Ba2 Kf8 90. Ke1 Ke7 91. Bb3 Kf8 92. Kf1 Ke7 93. Kg2 Ba7 94. Kf3 Bg1 95. Ke4
d2 96. Kf5 d1=Q 97. Bxd1 Kxf7 98. Bb3+ Kg7 99. Ke6 h5 100. gxh5 Kh6 101.
Bd1 b3 102. Bxb3 Kxh5 103. Bd1+ Kh6 104. Kd7 Kh7 105. Kc6 Kh8 106. Kb7 Kg8
107. a7 Bxa7 108. Kxa7 Kh8 109. Kb6 Kg8 110. Kc6 Kh8 111. Kd6 Kg8 112. Ke6
Kh8 113. Kf6 Kg8 114. Bh5 Kh8 115. Bf7 Kh7 116. Ke7 Kh8 117. Kf8 Kh7 118.
Be6 Kh8 119. Kf7 Kh7 120. Kf6 Kh8 121. Bf5 Kg8 122. Kg6 Kh8 123. Kh6 Kg8
124. Bg4 Kh8 125. Kh5 Kg8 126. Bd1 Kh8 127. Kg6 Kg8 128. Kf6 Kh8 129. Bb3
Kh7 130. Kf7 Kh8 131. Bd1 Kh7 132. Bh5 Kh8 133. Kg6 Kg8 1/2-1/2

[Event "Arctic Chess Challenge"]
[Site "Tromso NOR"]
[Date "2010.08.05"]
[Round "6"]
[White "Drozdovskij,Y"]
[Black "Lindberg,Be"]
[Result "1-0"]
[WhiteElo "2624"]
[BlackElo "2413"]
[EventDate "2010.07.31"]

1. Nf3 Nf6 2. g3 b6 3. Bg2 Bb7 4. O-O c5 5. d3 g6 6. e4 d6 7. Nh4 Nbd7 8.
f4 Qc7 9. c4 Bg7 10. Nc3 a6 11. Be3 Rb8 12. Qe2 O-O 13. Rac1 Bc6 14. g4 b5
15. g5 Ne8 16. b3 bxc4 17. dxc4 a5 18. Nd5 Bxd5 19. exd5 a4 20. Rb1 axb3
21. axb3 Rb7 22. Bd2 Nb8 23. f5 Bd4+ 24. Be3 Ng7 25. Bxd4 cxd4 26. b4 Nd7
27. c5 Ne5 28. f6 d3 29. Qd2 Nh5 30. c6 Rb5 31. Nf3 Rxd5 32. Nxe5 Rxe5 33.
Qxd3 Rxg5 34. fxe7 Re8 35. b5 d5 36. Qe3 Re5 37. b6 Qxe7 38. Qd4 Rg5 39. c7
Qd7 1-0

[Event "Arctic Chess Challenge"]
[Site "Tromso NOR"]
[Date "2010.08.05"]
[Round "6"]
[White "Gyimesi,Z"]
[Black "Stokke,K"]
[Result "1-0"]
[WhiteElo "2598"]
[BlackElo "2401"]
[EventDate "2010.07.31"]

1. d4 d5 2. c4 c6 3. Nf3 Nf6 4. Nc3 e6 5. Bg5 dxc4 6. a4 Bb4 7. e4 Bxc3+ 8.
bxc3 Qa5 9. e5 Ne4 10. Rc1 Qd5 11. Qe2 c5 12. Qxc4 Qxc4 13. Bxc4 Nxg5 14.
Nxg5 cxd4 15. cxd4 Nc6 16. Bb5 Bd7 17. Ne4 a6 18. Nd6+ Kf8 19. Bxc6 Bxc6
20. O-O Rd8 21. a5 Ke7 22. f3 Rxd6 23. exd6+ Kxd6 24. Rc5 h6 25. Kf2 g6 26.
g4 f6 27. f4 Rh7 28. h4 Rh8 29. Kg3 f5 30. gxf5 gxf5 31. Kf2 Rg8 32. Rg1
Rxg1 33. Kxg1 h5 34. Kf2 Bd5 35. Rc1 Bc6 36. Ke3 Ba4 37. Rb1 Bc6 38. Rg1
Ba4 39. Rg7 Kc6 40. Kd2 b6 41. axb6 Kxb6 42. Rh7 Be8 43. Rh8 1-0

[Event "Arctic Chess Challenge"]
[Site "Tromso NOR"]
[Date "2010.08.05"]
[Round "6"]
[White "Tiller,B"]
[Black "Malakhatko,V"]
[Result "0-1"]
[WhiteElo "2398"]
[BlackElo "2576"]
[EventDate "2010.07.31"]

1. f4 d5 2. Nf3 g6 3. g3 Bg7 4. Bg2 Nf6 5. O-O O-O 6. d3 c5 7. Nc3 d4 8.
Na4 Nfd7 9. c4 a6 10. b4 cxb4 11. Bd2 Nc6 12. Ne1 e5 13. Nc2 exf4 14. Rxf4
a5 15. a3 bxa3 16. Rxa3 Be5 17. Rf1 Bg7 18. Rb3 h5 19. Bf4 h4 20. Qe1 hxg3
21. Qxg3 Ra6 22. Bd5 Ne7 23. Bxb7 Re6 24. Bf3 Nf5 25. Qf2 Rfe8 26. Kh1 Ne5
27. Bd5 Nxd3 28. exd3 Re2 29. Qg1 Rxc2 30. Nc5 Kf8 31. Rb8 Be5 32. Bxe5
Rxe5 33. Rfb1 Kg7 34. Ne4 Qc7 35. R1b7 Bxb7 36. Rxb7 Qxb7 37. Bxb7 Ne3 38.
c5 Rf5 39. c6 Rf1 40. Qxf1 Nxf1 41. Nd6 Ne3 42. h3 0-1

[Event "Arctic Chess Challenge"]
[Site "Tromso NOR"]
[Date "2010.08.05"]
[Round "6"]
[White "Abbasov,F"]
[Black "Jens,J"]
[Result "1-0"]
[WhiteElo "2549"]
[BlackElo "2386"]
[EventDate "2010.07.31"]

1. d4 Nf6 2. c4 g6 3. Nc3 d5 4. Nf3 Bg7 5. Bg5 Ne4 6. cxd5 Nxg5 7. Nxg5 e6
8. Qd2 exd5 9. Qe3+ Kf8 10. Qf4 Bf6 11. h4 h6 12. Nf3 Be6 13. O-O-O Nd7 14.
e4 dxe4 15. Ne5 Kg7 16. Qxe4 Qe7 17. f4 Bxh4 18. Qxb7 Rab8 19. Qf3 Qb4 20.
Nd3 Qe7 21. g4 Bc4 22. Ne5 Nxe5 23. dxe5 Qb4 24. Rh2 Bxf1 25. Rxf1 Rhd8 26.
b3 Rd4 27. Kc2 Rbd8 28. f5 Bg5 29. fxg6 Rf4 30. Qh1 fxg6 31. Rd1 Rxd1 32.
Qxd1 Rd4 33. Qf3 Qc5 34. Re2 Qa3 35. Qf1 Rxg4 36. e6 Rf4 37. Qxf4 Bxf4 38.
e7 Qc1+ 39. Kd3 1-0

[Event "Arctic Chess Challenge"]
[Site "Tromso NOR"]
[Date "2010.08.05"]
[Round "6"]
[White "Zdebskaja,N"]
[Black "Petrov,Marij"]
[Result "1/2-1/2"]
[WhiteElo "2383"]
[BlackElo "2535"]
[EventDate "2010.07.31"]

1. e4 c5 2. Nf3 Nc6 3. d4 cxd4 4. Nxd4 Qb6 5. Nb3 Nf6 6. Nc3 e6 7. Qe2 Bb4
8. Bd2 O-O 9. a3 Be7 10. e5 Nd5 11. g3 d6 12. exd6 Bxd6 13. Bg2 Be5 14. O-O
Nxc3 15. bxc3 Qc7 16. Rfe1 Bd6 17. Nd4 Nxd4 18. cxd4 Qxc2 19. Rec1 Qa4 20.
Rab1 Rb8 21. Bb4 Bxb4 22. axb4 Bd7 23. b5 a6 24. bxa6 bxa6 25. Ra1 Qxd4 26.
Qxa6 Rb2 27. Qa7 e5 28. Rd1 Qxa7 29. Rxa7 Bg4 30. Re1 Be6 31. Ra5 Rd8 32.
Raxe5 Rdd2 33. Rd5 g6 1/2-1/2

[Event "Arctic Chess Challenge"]
[Site "Tromso NOR"]
[Date "2010.08.06"]
[Round "7"]
[White "Socko,B"]
[Black "Sandipan,C"]
[Result "1-0"]
[WhiteElo "2646"]
[BlackElo "2637"]
[EventDate "2010.07.31"]

1. d4 d5 2. Nf3 Nf6 3. c4 c6 4. e3 Bg4 5. h3 Bxf3 6. Qxf3 e6 7. Nc3 Nbd7 8.
Bd3 Bb4 9. O-O O-O 10. Qd1 dxc4 11. Bxc4 c5 12. Ne2 cxd4 13. Nxd4 Nb6 14.
Bd3 Qd7 15. Qe2 Rfd8 16. Rd1 Rac8 17. Nb5 Kf8 18. Nxa7 Rc5 19. e4 Qa4 20.
a3 Rh5 21. Be3 Bc5 22. Qxh5 Bxe3 23. Bb5 Bxf2+ 24. Kxf2 Qc2+ 25. Qe2 Qc5+
26. Kf1 Ra8 27. Rac1 1-0

[Event "Arctic Chess Challenge"]
[Site "Tromso NOR"]
[Date "2010.08.06"]
[Round "7"]
[White "Berg,E"]
[Black "Leon Hoyos,M"]
[Result "0-1"]
[WhiteElo "2612"]
[BlackElo "2556"]
[EventDate "2010.07.31"]

1. d4 Nf6 2. c4 c5 3. d5 e6 4. Nc3 exd5 5. cxd5 d6 6. g3 g6 7. Bg2 Bg7 8.
Nf3 O-O 9. O-O Re8 10. Nd2 Nbd7 11. h3 a6 12. a4 Rb8 13. Nc4 Ne5 14. Na3
Nh5 15. e4 Bd7 16. f4 Nxg3 17. fxe5 Bxe5 18. Rf3 b5 19. axb5 axb5 20. Be3
f5 21. Rxg3 Bxg3 22. Qf3 Qh4 23. exf5 b4 24. fxg6 Rf8 25. gxh7+ Kh8 26. Qe4
bxc3 27. Qxh4 cxb2 28. Qxg3 bxa1=Q+ 29. Kh2 Qc3 30. Nc4 Qxc4 31. Qxd6 Rbe8
32. Bh6 Rf7 33. Qg6 Ref8 34. Qd6 Re8 35. Qg6 Qh4 36. Bd2 Rg7 37. Bc3 Qf4+
0-1

[Event "Arctic Chess Challenge"]
[Site "Tromso NOR"]
[Date "2010.08.06"]
[Round "7"]
[White "Kobalia,M"]
[Black "Socko,M"]
[Result "1-0"]
[WhiteElo "2648"]
[BlackElo "2477"]
[EventDate "2010.07.31"]

1. e4 c5 2. Nf3 Nc6 3. d4 cxd4 4. Nxd4 g6 5. c4 Bg7 6. Be3 d6 7. Nc3 Nf6 8.
Be2 O-O 9. O-O Bd7 10. Qd2 Nxd4 11. Bxd4 Bc6 12. f3 a5 13. b3 Nd7 14. Be3
Nc5 15. Rab1 Qb6 16. Rfc1 Rfc8 17. Rc2 Qd8 18. Bf1 h5 19. Kh1 Kh7 20. Rd1
Qf8 21. Qe1 Rd8 22. Nd5 Bxd5 23. cxd5 b6 24. Bb5 Rab8 25. Rc4 Bh6 26. Bf2
f6 27. Qe2 Bg5 28. g3 Rb7 29. Kg2 Qf7 30. Bc6 Rbb8 31. b4 axb4 32. Rxb4 h4
33. Rdb1 f5 34. exf5 h3+ 35. Kxh3 Qxf5+ 36. Kg2 Nd3 37. Rxb6 Rxb6 38. Rxb6
Nc1 39. Qe4 Qxe4 40. fxe4 Nxa2 41. Bd4 Nc1 42. Rb7 Kg8 43. h4 Bf6 44. Bxf6
exf6 45. Bd7 Ra8 46. Be6+ Kh8 47. Rf7 Ra2+ 48. Kf3 Ra3+ 49. Kg2 Ra2+ 50.
Kg1 Ne2+ 51. Kf2 Nc1+ 52. Ke3 Ra3+ 53. Kd2 Nb3+ 54. Kc2 Nc5 55. h5 gxh5 56.
Bf5 Ra4 57. Rxf6 Nxe4 58. Re6 Nxg3 59. Rh6+ Kg7 60. Rg6+ Kf7 61. Rxg3 Kf6
62. Be6 h4 63. Rg8 Ra2+ 64. Kb3 Re2 65. Rh8 Re4 66. Kc3 Kg7 67. Rg8+ Kf6
68. Rg4 Re3+ 69. Kd2 Rh3 70. Rg6+ Kxg6 71. Bxh3 Kf6 72. Ke3 Ke5 73. Be6 1-0

[Event "Arctic Chess Challenge"]
[Site "Tromso NOR"]
[Date "2010.08.06"]
[Round "7"]
[White "Bykhovsky,An ISR"]
[Black "Drozdovskij,Y"]
[Result "1/2-1/2"]
[WhiteElo "2487"]
[BlackElo "2624"]
[EventDate "2010.07.31"]

1. d4 Nf6 2. c4 e6 3. Nf3 d5 4. cxd5 exd5 5. Nc3 c6 6. Bg5 Be7 7. e3 Bf5 8.
Bd3 Bxd3 9. Qxd3 Nbd7 10. O-O O-O 11. Rab1 a5 12. a3 1/2-1/2

[Event "Arctic Chess Challenge"]
[Site "Tromso NOR"]
[Date "2010.08.06"]
[Round "7"]
[White "Collins,S IRL"]
[Black "Ivanisevic,I"]
[Result "1-0"]
[WhiteElo "2408"]
[BlackElo "2611"]
[EventDate "2010.07.31"]

1. e4 c5 2. c3 d5 3. exd5 Qxd5 4. d4 g6 5. Nf3 Bg7 6. Na3 cxd4 7. Bc4 Qe4+
8. Be3 Nh6 9. cxd4 O-O 10. Qb3 Nc6 11. Bd3 Qg4 12. h3 Qh5 13. Rc1 Ng4 14.
Rc5 e5 15. Bd2 Nf6 16. dxe5 Nd7 17. Rxc6 Nxe5 18. Rc2 Nxf3+ 19. gxf3 Qxf3
20. O-O Bxh3 21. Be4 Qg4+ 22. Qg3 Qxg3+ 23. fxg3 Bd4+ 24. Rf2 Rfe8 25. Bxb7
Rab8 26. Bd5 Bxf2+ 27. Kxf2 Rbd8 28. Bc6 Re6 29. Bf4 Rd1 30. Bg2 Bxg2 31.
Kxg2 Kg7 32. Nb5 h6 33. Nxa7 g5 34. Bc7 Ree1 35. Bb6 f5 36. Bf2 Re4 37. Nb5
Rd3 38. Nc3 Re6 39. a4 Kg6 40. a5 f4 41. gxf4 gxf4 42. b4 f3+ 43. Kg1 Ra6
44. Bb6 Kf5 45. b5 Ra8 46. a6 Rd6 47. Bf2 Rg6+ 48. Kf1 Rg2 49. Nd5 Rh2 50.
Ne7+ Ke6 51. Nc8 Rh5 52. Rc6+ Kf7 53. a7 Rd5 54. b6 Rd1+ 55. Be1 Rb1 56.
Rc7+ Ke6 57. b7 Rxa7 58. Nxa7 h5 59. Kf2 Kd6 60. Rh7 1-0

[Event "Arctic Chess Challenge"]
[Site "Tromso NOR"]
[Date "2010.08.06"]
[Round "7"]
[White "Tjiam,D"]
[Black "Gyimesi,Z"]
[Result "1/2-1/2"]
[WhiteElo "2385"]
[BlackElo "2598"]
[EventDate "2010.07.31"]

1. d4 Nf6 2. c4 e6 3. Nf3 d5 4. Nc3 Bb4 5. cxd5 exd5 6. Bg5 h6 7. Bh4 c5 8.
dxc5 Nbd7 9. Qb3 Qa5 10. a3 Bxc3+ 11. Qxc3 Qxc3+ 12. bxc3 Ne4 13. e3 Ndxc5
14. c4 dxc4 15. Bxc4 O-O 16. Nd4 Re8 17. Rc1 Be6 18. Nxe6 Nxe6 19. O-O g5
20. Bg3 Nd2 21. Rfd1 Nxc4 22. Rxc4 Rac8 23. Rb4 Red8 24. Rxd8+ Rxd8 25. h4
b6 26. hxg5 hxg5 27. Be5 Rd1+ 28. Kh2 Rd5 29. Bb2 Kf8 30. g4 Ke7 31. Kg3
Rd3 32. Kf3 Rd2 33. Bc3 Rc2 34. Rb3 Nc5 35. Bb4 Ke6 36. Bxc5 Rxc5 37. Rd3
Rc4 38. Kg3 f6 39. f4 b5 40. Kf3 a6 41. Kg3 a5 42. Kf3 Rc6 43. Ke4 Rc4+ 44.
Kf3 b4 45. axb4 axb4 46. Rd8 1/2-1/2

[Event "Arctic Chess Challenge"]
[Site "Tromso NOR"]
[Date "2010.08.06"]
[Round "7"]
[White "Malakhatko,V"]
[Black "Wohl,A"]
[Result "0-1"]
[WhiteElo "2576"]
[BlackElo "2375"]
[EventDate "2010.07.31"]

1. d4 e6 2. c4 b6 3. a3 g6 4. Nc3 Bg7 5. e4 Bb7 6. Nf3 Ne7 7. Bg5 h6 8. Be3
d6 9. Bd3 Nd7 10. Qd2 a6 11. Bc2 c5 12. Rd1 g5 13. O-O g4 14. Ne1 Nc6 15.
Ne2 Qe7 16. b4 cxd4 17. Nxd4 Nce5 18. Qe2 Rc8 19. Bb3 Bxe4 20. Bc1 Bb7 21.
Nec2 Rg8 22. Kh1 Nf3 23. gxf3 Be5 24. Rg1 Qh4 25. Rg3 Bxg3 26. fxg3 gxf3
27. Qf2 Rxg3 28. Ne3 Rh3 29. Kg1 Qxf2+ 30. Kxf2 Rxh2+ 31. Kg3 Rh5 32. Nxf3
Ke7 33. Re1 Rg8+ 34. Kf2 Bxf3 35. Kxf3 Ne5+ 36. Ke2 Rh2+ 37. Kd1 Nd3 38.
Rf1 Rg3 39. Bd2 Nf2+ 40. Ke1 Nd3+ 41. Kd1 Nf2+ 42. Ke1 Ne4 43. Bc1 Rhh3 44.
Ke2 Rxe3+ 0-1

[Event "Arctic Chess Challenge"]
[Site "Tromso NOR"]
[Date "2010.08.06"]
[Round "7"]
[White "Radulski,J"]
[Black "Thomassen,J"]
[Result "1-0"]
[WhiteElo "2574"]
[BlackElo "2364"]
[EventDate "2010.07.31"]

1. e4 c5 2. Nf3 d6 3. d4 cxd4 4. Nxd4 Nf6 5. Nc3 Nc6 6. Be2 e5 7. Nf3 h6 8.
O-O Be7 9. Re1 O-O 10. h3 Be6 11. Bf1 Qa5 12. Bd2 Qd8 13. Qe2 Rc8 14. Rad1
a6 15. Be3 Qa5 16. Nd2 Qc7 17. Nb3 Na5 18. Qf3 Nc4 19. Bc1 Nb6 20. Bd3 Rfd8
21. Nd2 Qc6 22. Nf1 d5 23. Ng3 dxe4 24. Ncxe4 Bd5 25. Nf5 Qe6 26. Qg3 Kh8
27. Ne3 1-0

[Event "Arctic Chess Challenge"]
[Site "Tromso NOR"]
[Date "2010.08.06"]
[Round "7"]
[White "Klip,H"]
[Black "Abbasov,F"]
[Result "1-0"]
[WhiteElo "2366"]
[BlackElo "2549"]
[EventDate "2010.07.31"]

1. e4 c6 2. d4 d5 3. f3 e6 4. Nc3 Nf6 5. e5 Nfd7 6. f4 c5 7. Nf3 Nc6 8. Be3
a6 9. Qd2 b5 10. dxc5 Bxc5 11. Bxc5 Nxc5 12. Bd3 Bb7 13. O-O Rc8 14. Qf2
Qe7 15. Rad1 Na5 16. Nd4 Nc4 17. Bxc4 dxc4 18. f5 b4 19. f6 Qf8 20. Na4
gxf6 21. Nxc5 Qxc5 22. Qxf6 Rf8 23. c3 bxc3 24. bxc3 Be4 25. Rf2 Qe7 26.
Qf4 Bg6 27. Qf3 Rg8 28. Nc6 Qc5 29. Rd6 Bf5 30. Nd4 Rb8 31. Rb2 Ke7 32. Qf2
Qxe5 33. Nc6+ Kxd6 34. Nxe5 Rxb2 35. Nxc4+ 1-0